000 00563nab a2200217 a 4500
001 18424
003 47142
005 20201118095733.0
008 ||||||n9999 ||| || ||
041 _aspa
245 0 _aLa semana economica en cifras :
_bpp.31
260 _aBogotá :
_bRetina,
_c1992.
300 _app. 31-32
562 _e0
650 _aBANCOS
650 _aCORPORACIONES DE AHORRO
650 _aCORPORACIONES DE VIVIENDA
650 _aECONOMÍA--ESTADÍSTICA MATEMÁTICA
773 _018411
_aSintesis Economica - No.819
942 _cSART
999 _c18424
_d18424